000 00593nam a2200193 a 4500
005 20210223120532.0
008 991125s1996 mx 000 0 spa u
020 _a9688426237
035 _aUPN01000003012
049 _aCG
050 4 _aJL1231
_bV5.2
100 1 _aVilla, Manuel
_929624
245 1 4 _aLos años furiosos :
_b1994-1995 : la reforma del estado y el futuro de México /
_cManuel Villa.
260 _aMéxico :
_b[FLACSO] :
_bM. A. Porrúa,
_c1996.
300 _a190 p.
440 3 _aLas ciencias sociales
651 4 _aMEXICO -
_xPOLITICA Y GOBIERNO -
_y1994-1995
905 _aLibro
999 _c3012
_d3012